000 00280nas a2200121 4500
005 20211029130138.0
008 211029b ||||| |||| 00| 0 eng d
022 _a-
040 _c
245 _aKurukshetra
260 _aPublication Division,Delhi
_bMar 2021
942 _2ddc
_cPR
999 _c220285
_d220285